[Event "Livingstone FIDE zt 4.3"]
[Site "Livingstone"]
[Date "2017.06.14"]
[Round "6"]
[White "Bwalya, Gillan"]
[Black "Mulenga, Prince Daniel"]
[Result "0-1"]
[WhiteElo "2281"]
[BlackElo "2110"]
[PlyCount "64"]
[EventDate "2017.06.10"]
[EventType "swiss"]
[EventRounds "9"]
[EventCountry "ZAM"]
[SourceTitle "EXT 2020"]
[Source "ChessBase"]
[SourceDate "2019.10.17"]
[SourceVersion "1"]
[SourceVersionDate "2019.10.17"]
[SourceQuality "1"]

1. d4 Nf6 2. c4 c5 3. dxc5 e6 4. Nc3 Bxc5 5. Bf4 Qb6 6. Nh3 Qxb2 7. Bd2 Qb6 8. Na4 Qc7 9. Nxc5 Qxc5 10. Rb1 Nc6 11. e3 Ne4 12. Rb2 Nxd2 13. Rxd2 0-0 14. Be2 d5 15. cxd5 exd5 16. Rxd5 Qb4+ 17. Kf1 Be6 18. Rb5 Rfd8 19. Qa1 Qa4 20. Rb2 Rd7 21. f3 Rad8 22. Kf2 Qh4+ 23. Kf1 Bxh3 24. gxh3 Qxh3+ 25. Kf2 Ne5 26. Qc1 Qh4+ 27. Kg2 Rd6 28. Rg1 Rh6 29. Rxb7 Ng4 30. fxg4 Qxh2+ 31. Kf3 Rf6+ 32. Ke4 Qd6 0-1

[Event "Livingstone FIDE zt 4.3"]
[Site "Livingstone"]
[Date "2017.06.11"]
[Round "2"]
[White "Bwalya, Gillan"]
[Black "Cawdery, Daniel"]
[Result "1/2-1/2"]
[WhiteElo "2281"]
[BlackElo "2434"]
[PlyCount "51"]
[EventDate "2017.06.10"]
[EventType "swiss"]
[EventRounds "9"]
[EventCountry "ZAM"]
[SourceTitle "EXT 2020"]
[Source "ChessBase"]
[SourceDate "2019.10.17"]
[SourceVersion "1"]
[SourceVersionDate "2019.10.17"]
[SourceQuality "1"]

1. d4 Nf6 2. c4 g6 3. Nc3 d5 4. cxd5 Nxd5 5. e4 Nxc3 6. bxc3 Bg7 7. Nf3 c5 8. Rb1 0-0 9. Be2 Nc6 10. d5 Ne5 11. Nxe5 Bxe5 12. Qd2 Qa5 13. Rb3 Bd7 14. f4 Bg7 15. c4 Qxd2+ 16. Bxd2 b6 17. Bc3 e5 18. fxe5 Rfe8 19. e6 fxe6 20. Bxg7 Kxg7 21. Kd2 exd5 22. exd5 Rad8 23. Ra3 Ra8 24. Rb3 Rad8 25. Ra3 Ra8 26. Rb3 1/2-1/2

[Event "Johannesburg Tsogo Sun op"]
[Site "Johannesburg"]
[Date "2015.07.17"]
[Round "5"]
[White "Bwalya, Gillan"]
[Black "Mosenya, Ndawana"]
[Result "1/2-1/2"]
[WhiteElo "2337"]
[BlackElo "1972"]
[PlyCount "191"]
[EventDate "2015.07.15"]
[EventType "swiss"]
[EventRounds "9"]
[EventCountry "RSA"]
[SourceTitle "CBM 167 Extra"]
[Source "ChessBase"]
[SourceDate "2015.09.14"]
[SourceVersion "1"]
[SourceVersionDate "2015.09.14"]
[SourceQuality "1"]

1. d4 Nf6 2. c4 g6 3. Nc3 d5 4. Nf3 Bg7 5. cxd5 Nxd5 6. e4 Nxc3 7. bxc3 c5 8. Rb1 0-0 9. Be2 b6 10. 0-0 Bb7 11. Qc2 cxd4 12. cxd4 Nd7 13. Ba3 Rc8 14. Qd3 Nf6 15. Nd2 Qd7 16. Bf3 Rfd8 17. Nb3 e6 18. Rfe1 Qa4 19. Be7 Rd7 20. Bxf6 Bxf6 21. e5 Ba6 22. Qe3 Bg7 23. d5 Re8 24. d6 Bc4 25. Rbc1 Bd5 26. Qd3 Qf4 27. Bxd5 exd5 28. g3 Qf5 29. Qxd5 h5 30. Nd4 Qg5 31. h4 Rxe5 32. Qc6 Rxe1+ 33. Rxe1 Qd8 34. Nb5 a6 35. Na7 Bf8 36. Nc8 Bxd6 37. Nxb6 Bb4 38. Re4 Rd1+ 39. Kg2 Qd3 40. Qc4 Qxc4 41. Rxc4 a5 42. Rc2 Rd3 43. Nc4 Rc3 44. Rxc3 Bxc3 45. Kf3 Kf8 46. Kf4 Ke7 47. f3 f6 48. g4 Ke6 49. Ke4 Be1 50. a4 Bxh4 51. gxh5 f5+ 52. Kf4 Bd8 53. hxg6 Kf6 54. Ke3 Kxg6 55. Ne5+ Kf6 56. Kd4 Ke6 57. Nd3 Bb6+ 58. Kc4 Be3 59. Kb5 Bd2 60. Kc6 f4 61. Kc5 Be3+ 62. Kc4 Kd6 63. Ne1 Ke5 64. Nc2 Bd2 65. Nd4 Be3 66. Nc6+ Kd6 67. Nxa5 Kc7 68. Kb5 Kd6 69. Kc4 Kc7 70. Nb3 Kb6 71. Kb4 Ka6 72. a5 Bf2 73. Nc5+ Ka7 74. Kb5 Be1 75. a6 Bf2 76. Nd3 Be3 77. Ne5 Kb8 78. Nc6+ Ka8 79. Kc4 Bb6 80. Kd5 Bc7 81. Ke4 Bd6 82. Ne5 Ka7 83. Kxf4 Kxa6 84. Kf5 Bc5 85. Ke4 Kb7 86. f4 Kc8 87. Kd5 Ba3 88. Ke6 Kd8 89. f5 Bb2 90. f6 Ba3 91. f7 Bf8 92. Nc6+ Kc7 93. Nd4 Kd8 94. Kf6 Kd7 95. Nf3 Be7+ 96. Kg7 1/2-1/2